Les Clubs Français en Champions League - Statistiques

Statistiques générales
  • Ce quiz a été pris 340 fois
  • Le résultat moyen est 15 sur 18
Statistiques - réponses
- Meilleur performance Réponse % Correct
2 Vainqueur Olympique de Marseille
100%
1 Vainqueur Paris Saint-Germain
100%
6 Demi-finale Olympique Lyonnais
98%
3 Finaliste AS Monaco
95%
12 8e de finale LOSC Lille
95%
7 Demi-finale Girondins de Bordeaux
88%
14 Phase de groupe RC Lens
88%
10 Quart de finale OGC Nice
87%
8 Demi-finale FC Nantes
86%
16 Phase de groupe Stade Rennais
86%
13 Barrages (16e de finale) Stade Brestois
85%
5 Finaliste Stade de Reims
82%
15 Phase de groupe Montpellier HSC
76%
17 3e tour de qualification Toulouse FC
75%
11 Quart de finale RC Strasbourg Alsace
74%
4 Finaliste AS Saint-Etienne
64%
9 Quart de finale AJ Auxerre
63%
18 1er tour de qualification FC Metz
58%
Aucun quiz correspondant
Distribution des résultats
% des personnes avec chaque résultat
Percentile par nombre de réponses
Votre historique - résultats
Vous n’avez pas pris ce quiz